Handbook of the Freshwater Fishes of India (Record no. 231954)
[ view plain ]
| 000 -LEADER | |
|---|---|
| fixed length control field | 01224nam a22002057a 4500 |
| 005 - DATE AND TIME OF LATEST TRANSACTION | |
| control field | 20241121124816.0 |
| 008 - FIXED-LENGTH DATA ELEMENTS--GENERAL INFORMATION | |
| fixed length control field | 241121b ||||| |||| 00| 0 eng d |
| 020 ## - INTERNATIONAL STANDARD BOOK NUMBER | |
| International Standard Book Number | 9788180943805 |
| 040 ## - CATALOGING SOURCE | |
| Transcribing agency | AL |
| 041 ## - LANGUAGE CODE | |
| Language code of text/sound track or separate title | English |
| 082 ## - DEWEY DECIMAL CLASSIFICATION NUMBER | |
| Edition number | 23 |
| Classification number | 597 |
| Item number | BEAH |
| 100 ## - MAIN ENTRY--PERSONAL NAME | |
| Personal name | R Beavan |
| 100 ## - MAIN ENTRY--PERSONAL NAME | |
| 9 (RLIN) | 185972 |
| 245 ## - TITLE STATEMENT | |
| Title | Handbook of the Freshwater Fishes of India |
| 260 ## - PUBLICATION, DISTRIBUTION, ETC. | |
| Place of publication, distribution, etc. | Chennai |
| Name of publisher, distributor, etc. | Maven Books |
| Date of publication, distribution, etc. | 2020 |
| 300 ## - PHYSICAL DESCRIPTION | |
| Extent | 247 p. |
| Other physical details | HB |
| Dimensions | 22x14 cm. |
| 365 ## - TRADE PRICE | |
| Price type code | EKJA-87684 |
| Price amount | ₹897.00 |
| Currency code | ₹ |
| Unit of pricing | ₹995.00 |
| Price note | 0% |
| Price effective from | 14-11-2024 |
| 520 ## - SUMMARY, ETC. | |
| Summary, etc. | Originally published in 1877,this little book was intended by the author to be used as a handbook or for reference. It is not an extensive research into the various fishes of India, but can be used by anyone with an interest in the subject. Contents include: On Ichthyology in General, and that of the Indian Fresh Waters in Particular - On Classification - On Distribution - Descriptions of some of the Principal Families of Fish - Of The Species and Genera Inhabiting the Fresh Waters of the Indian Continent - Habits, Breeding Etc. - List of Freshwater Fishes of the Indian Continent - Index to Native names and Synonyms - List of References and Abbreviations. |
| 700 ## - ADDED ENTRY--PERSONAL NAME | |
| Personal name | BEAVAN (R) |
| 9 (RLIN) | 185934 |
| 942 ## - ADDED ENTRY ELEMENTS (KOHA) | |
| Source of classification or shelving scheme | Dewey Decimal Classification |
| Koha item type | Book |
| Withdrawn status | Lost status | Source of classification or shelving scheme | Damaged status | Not for loan | Collection code | Home library | Current library | Date acquired | Source of acquisition | Cost, normal purchase price | Total Checkouts | Full call number | Barcode | Date last seen | Uniform Resource Identifier | Cost, replacement price | Price effective from | Koha item type |
|---|---|---|---|---|---|---|---|---|---|---|---|---|---|---|---|---|---|---|
| Dewey Decimal Classification | Zoology | St Aloysius Library | St Aloysius Library | 11/20/2024 | amazon.in | 897.00 | 597 BEAH | 077393 | 11/21/2024 | https://archive.org/details/in.ernet.dli.2015.38487/mode/2up | 995.00 | 11/21/2024 | Book |